The IUP Journal of Knowledge Management (Record no. 9836)

MARC details
000 -LEADER
fixed length control field 00405nam a22001217a 4500
003 - CONTROL NUMBER IDENTIFIER
control field OSt
008 - FIXED-LENGTH DATA ELEMENTS--GENERAL INFORMATION
fixed length control field 201203b ||||| |||| 00| 0 eng d
245 ## - TITLE STATEMENT
Title The IUP Journal of Knowledge Management
250 ## - EDITION STATEMENT
Edition statement 2017(Jan Vol.15 No.1) 2018(Apr Vol.16 No.2, Jul Vol.16 No.3, Oct Vol.16 No.4) 2019(Jan Vol.17 No.1)
260 ## - PUBLICATION, DISTRIBUTION, ETC. (IMPRINT)
Name of publisher, distributor, etc IUP Publications
Place of publication, distribution, etc Hyderabad, Andhra Pradesh
650 ## - SUBJECT ADDED ENTRY--TOPICAL TERM
Topical term or geographic name as entry element Management
942 ## - ADDED ENTRY ELEMENTS (KOHA)
Source of classification or shelving scheme Dewey Decimal Classification
Koha item type BOUND VOLUME
Holdings
Withdrawn status Lost status Source of classification or shelving scheme Materials specified (bound volume or other part) Damaged status Not for loan Collection code Home library Current library Date acquired Source of acquisition Serial Enumeration / chronologySerial Enumeration / Volume No. Total Checkouts Acc. no. / Barcode Date last seen Bill Date Koha item type
    Dewey Decimal Classification Bound Volume   Not For Loan MBA PIET C-LIBRARY PIET C-LIBRARY 14/12/2020 IUP Publications 2017(Jan Vol.15 No.1) 2018(Apr Vol.16 No.2, Jul Vol.16 No.3, Oct Vol.16 No.4) 2019(Jan Vol.17 No.1)   BV574 14/12/2020 09/01/2017 BOUND VOLUME

Design & Developed by: PIET Central Library
R70 Miles Stone Pattikalyana Samalkha Panipat 132102
mail ID :- [email protected], Phone No:- 0180-2569700 Ex.216